LEADER 01205nam a2200265 u 4500 001 000000078867 003 CaOOAMICUS 005 20070226123458.0 008 040518s1973 it u000 u ita u 035 $a10995632 040 $aPUL(R)$bita 100 1 $aAsciutto, Liborio.$0(OLS)http://pul/name/32424 245 10$aVolontą e corpo proprio nella fenomenologia di Paul Ricoeur /$cLibroio Asciutto. 260 $aFrancavilla al Mare :$bEdizioni Paoline,$c1973. 300 $a60 p. ;$c24 cm 500 $aEstratto della tesi di laurea dell'autore. 502 $aDiss. -- P. Univ. Lateranense. Accademia Alfonsiana. 504 $a"Bibliografia su Paul Ricoeur": p. 57-60. 600 14$aRicoeur, Paul,$d1913-2005$xFilosofia.$0(OLS)http://pul/subject/27436 650 4$aMente e corpo.$0(OLS)http://pul/subject/21508 850 $aPUL 852 $aPUL$W1$xDP1 Tesi Acc. Alfonsiana$y28$mTH AC.ALF 58$j101058$nBK-PRI$b $qTesi$B101058$CPULBib$Z2$F101058 $HPUL37536 $81 941 1 $a16 996 $6245$aVolontą e corpo proprio nella fenomenologia di Paul Ricoeur$9(OLS)http://pul/title/103248 996 $6260$aFrancavilla al Mare :$bEdizioni Paoline$9(OLS)http://pul/publisher/75512 LEADER 01215nam a2200289 a 4500 001 000000138568 003 CaOOAMICUS 005 20140528141108.0 008 140528s2014 it u000 u ita r 020 $a978-88-598-1130-5 040 $aPUL$bita 082 04$a343.4509 245 10$aDiritto dell'informatica /$ca cura di Giusella Finocchiaro, Francesco Delfini. 260 $aTorino :$bUTET Giuridica,$c©2014. 300 $aXXI, 1243 p. ;$c24 cm 504 $aBibliografia in nota. 650 4$aElaborazione automatica dei dati$xDiritto e legislazione.$0(OLS)http://pul/subject/28923 700 1 $aFinocchiaro, Giusella.$0(OLS)http://pul/name/82761 700 1 $aDelfini, Francesco.$0(OLS)http://pul/name/75878 850 $aPUL 852 $aPUL$W1$xSL Diritto e Scienze Sociali 3$y79$m343. 4509 FINGI 1$j159881$qDDC 21$q $B159382$CPULBib$Z2$F159382 $H124134 $81 941 1 $a9 996 $6020$a978-88-598-1130-5$9(OLS)http://pul/number/155366 996 $6082$a343.4509$9(OLS)http://pul/classification/2668 996 $6245$aDiritto dell'informatica$9(OLS)http://pul/title/175420 996 $6260$aTorino :$bUTET Giuridica$9(OLS)http://pul/publisher/79191